自身人口大于所有邻接县级行政区总和一半的县级行政区 - Statistics

General Stats
  • This quiz has been taken 7 times
  • The average score is 72 of 120
Answer Stats
比值 省级行政区 地级行政区 县级行政区 % Correct
0.6 甘肃省 酒泉市 肃州区
86%
0.66 新疆维吾尔自治区 巴音郭楞蒙古自治州 库尔勒市
86%
0.72 山西省 晋城市 城区
86%
0.77 浙江省 舟山市 定海区
86%
0.92 新疆维吾尔自治区 阿勒泰地区 阿勒泰市
86%
0.97 福建省 厦门市 思明区
86%
0.98 甘肃省 张掖市 甘州区
86%
0.99 新疆维吾尔自治区 (直辖) 石河子市
86%
1.04 福建省 厦门市 湖里区
86%
1.07 新疆维吾尔自治区 伊犁哈萨克自治州 伊宁市
86%
1.12 甘肃省 武威市 凉州区
86%
1.21 广东省 深圳市 宝安区
86%
1.26 新疆维吾尔自治区 和田地区 和田市
86%
1.31 浙江省 舟山市 普陀区
86%
1.39 四川省 攀枝花市 东区
86%
1.5 广东省 湛江市 雷州市
86%
1.51 江苏省 苏州市 姑苏区
86%
1.51 陕西省 延安市 宝塔区
86%
1.53 山东省 烟台市 芝罘区
86%
1.55 吉林省 延边朝鲜族自治州 延吉市
86%
1.57 海南省 (直辖) 东方市
86%
1.57 山东省 青岛市 市北区
86%
1.61 福建省 厦门市 集美区
86%
1.62 福建省 泉州市 晋江市
86%
1.64 山东省 东营市 东营区
86%
1.72 山西省 忻州市 忻府区
86%
1.72 甘肃省 临夏回族自治州 临夏市
86%
1.78 广东省 汕尾市 城区
86%
0.54 内蒙古自治区 乌兰察布市 集宁区
71%
0.53 内蒙古自治区 呼伦贝尔市 海拉尔区
71%
0.65 西藏自治区 拉萨市 城关区
71%
0.76 广东省 珠海市 香洲区
71%
0.79 辽宁省 大连市 中山区
71%
0.84 山西省 大同市 平城区
71%
1.06 内蒙古自治区 呼伦贝尔市 满洲里市
71%
1.07 河北省 承德市 双桥区
71%
1.08 黑龙江省 鸡西市 鸡冠区
71%
1.12 内蒙古自治区 通辽市 科尔沁区
71%
1.14 内蒙古自治区 巴彦淖尔市 临河区
71%
1.18 甘肃省 兰州市 城关区
71%
1.18 海南省 (直辖) 临高县
71%
1.23 浙江省 宁波市 象山县
71%
1.27 内蒙古自治区 锡林郭勒盟 二连浩特市
71%
1.29 西藏自治区 林芝市 巴宜区
71%
1.3 江西省 赣州市 章贡区
71%
1.31 陕西省 榆林市 榆阳区
71%
1.39 新疆维吾尔自治区 (直辖) 图木舒克市
71%
1.39 海南省 三亚市 吉阳区
71%
1.39 内蒙古自治区 锡林郭勒盟 锡林浩特市
71%
1.47 广东省 深圳市 龙岗区
71%
1.49 浙江省 宁波市 慈溪市
71%
1.49 贵州省 黔东南苗族侗族自治州 凯里市
71%
1.54 青海省 海西蒙古族藏族自治州 格尔木市
71%
1.55 黑龙江省 大庆市 龙凤区
71%
1.57 辽宁省 大连市 金州区
71%
1.59 四川省 凉山彝族自治州 西昌市
71%
1.61 西藏自治区 阿里地区 噶尔县
71%
1.64 内蒙古自治区 包头市 青山区
71%
1.65 新疆维吾尔自治区 哈密市 伊州区
71%
1.68 江苏省 南通市 启东市
71%
1.69 青海省 海西蒙古族藏族自治州 德令哈市
71%
1.7 内蒙古自治区 包头市 昆都仑区
71%
1.7 新疆维吾尔自治区 喀什地区 喀什市
71%
1.72 内蒙古自治区 乌海市 海勃湾区
71%
1.98 海南省 (直辖) 万宁市
71%
0.58 福建省 泉州市 惠安县
57%
0.87 安徽省 铜陵市 铜官区
57%
1.31 辽宁省 大连市 瓦房店市
57%
1.41 河南省 许昌市 魏都区
57%
1.44 广东省 湛江市 霞山区
57%
1.45 河北省 秦皇岛市 海港区
57%
1.49 山东省 威海市 环翠区
57%
1.57 山东省 潍坊市 奎文区
57%
1.58 广东省 肇庆市 端州区
57%
1.62 辽宁省 大连市 甘井子区
57%
1.66 陕西省 安康市 汉滨区
57%
1.71 黑龙江省 牡丹江市 绥芬河市
57%
1.72 山东省 淄博市 张店区
57%
1.73 黑龙江省 大庆市 让胡路区
57%
1.76 浙江省 绍兴市 越城区
57%
1.84 上海市 (直辖) 浦东新区
57%
1.85 云南省 西双版纳傣族自治州 景洪市
57%
1.91 山西省 长治市 潞州区
57%
1.93 山东省 青岛市 黄岛区
57%
0.86 辽宁省 铁岭市 银州区
43%
1.03 辽宁省 营口市 鲅鱼圈区
43%
1.26 江西省 景德镇市 珠山区
43%
1.3 新疆维吾尔自治区 阿勒泰地区 哈巴河县
43%
1.6 宁夏回族自治区 吴忠市 利通区
43%
1.7 山西省 临汾市 尧都区
43%
1.77 山东省 枣庄市 滕州市
43%
1.77 黑龙江省 大兴安岭地区 塔河县
43%
1.81 广西壮族自治区 防城港市 东兴市
43%
1.83 云南省 楚雄彝族自治州 楚雄市
43%
1.85 河北省 张家口市 桥东区
43%
1.87 江西省 萍乡市 安源区
43%
1.87 吉林省 延边朝鲜族自治州 珲春市
43%
1.98 陕西省 宝鸡市 渭滨区
43%
1.11 吉林省 辽源市 龙山区
29%
1.51 河南省 三门峡市 湖滨区
29%
1.56 新疆维吾尔自治区 伊犁哈萨克自治州 新源县
29%
1.73 内蒙古自治区 包头市 东河区
29%
1.74 贵州省 安顺市 西秀区
29%
1.76 云南省 玉溪市 红塔区
29%
1.77 湖南省 怀化市 鹤城区
29%
1.8 河北省 衡水市 桃城区
29%
1.83 福建省 福州市 福清市
29%
1.87 福建省 漳州市 东山县
29%
1.88 四川省 广元市 利州区
29%
1.91 四川省 乐山市 市中区
29%
1.92 湖北省 宜昌市 西陵区
29%
1.92 安徽省 滁州市 琅琊区
29%
1.95 云南省 德宏傣族景颇族自治州 芒市
29%
1.19 黑龙江省 双鸭山市 尖山区
14%
1.22 辽宁省 辽阳市 白塔区
14%
1.23 吉林省 通化市 东昌区
14%
1.78 内蒙古自治区 赤峰市 巴林左旗
14%
1.89 辽宁省 本溪市 明山区
14%
1.92 黑龙江省 佳木斯市 向阳区
14%
1.89 西藏自治区 日喀则市 吉隆县
0%
No matching quizzes found
Score Distribution
Percent of People with Each Score
Percentile by Number Answered
Your Score History
You have not taken this quiz